Visualizzazione normale
Vista MARC
- Fredman
di Personal Name
Records bibliografici associati: 1
001 - CONTROL NUMBER
- control field: 10660
003 - CONTROL NUMBER IDENTIFIER
- control field: IT-RoPau
005 - DATE AND TIME OF LATEST TRANSACTION
- control field: 20140124154533.0
008 - FIXED-LENGTH DATA ELEMENTS
- fixed length control field: 140124|| aca||aabn | a|a d
040 ## - CATALOGING SOURCE
- Original cataloging agency: IT-RoPau
- Transcribing agency: IT-RoPau
100 ## - HEADING--PERSONAL NAME
- Personal name: Fredman
- Dates associated with a name: Codice autore musica SPICS: 27444
- Relator term: Autore musica
- Name of part/section of a work: L'orologio matto
670 ## - SOURCE DATA FOUND
- Source citation: Work cat.: (IT-RoPau)102476: AA.VV. 794, Banda d'Affori (La)